| 000 | 01102nam0a2200301 4500 | ||
|---|---|---|---|
| 001 | RU\NLR\bibl\1355063 | ||
| 005 | 20260405055840.0 | ||
| 021 |
_aRU _b2009-10573 _9619 |
||
| 035 | _a(NLR Aleph) 001340115 | ||
| 090 |
_a855379 _c855379 |
||
| 100 | _a20090410d2008 |||y0rusy50 ca | ||
| 101 | 0 | _arus | |
| 102 | _aRU | ||
| 105 | _aa ||||||||| | ||
| 200 | 1 |
_aЭлектрохимическое умягчение воды _fБейгельдруд Г.М. _gООО "Тул. край" |
|
| 210 |
_aТула _cТульский край _d2008 |
||
| 215 |
_a32 с. _d21 |
||
| 313 | _aвологрейные котлы | ||
| 320 | _aБиблиогр.: с. 28-31 | ||
| 606 | 1 |
_aПитательная вода _xСмягчение _xЭлектрохимические методы _92565909 _3RU\NLR\auth\661517573 |
|
| 686 | _aЗ370.422 | ||
| 686 | _aЗ384-51 | ||
| 700 | 1 |
_4070 _8rus _7ca _aБейгельдруд _bГ.М. _gГригорий Михайлович _3RU\NLR\auth\7719286 _92358 |
|
| 801 | 0 |
_aRU _bNLR _c20090410 _gRCR |
|
| 801 | 1 |
_aRU _bNLR _c20090410 |
|
| 942 | _cBOOK | ||
| 980 | _aNB | ||